عرض عادي
عرض مارك
- Vogl, Wayne.
مدخل إسم شخص
001 - رقم الضبط
- حقل الضبط: 39142
003 - معرف رقم الضبط
- حقل الضبط: OSt
005 - تاريخ ووقت أخر عملية
- حقل الضبط: 20131103133747.0
008 - عناصر بيانات ثابتة الطول
- حقل تحكم ثابت الطول: 131103|||a|||||| | ||| d
040 ## - مصدر الفهرسة
- هيئة الفهرسة الأصلية: OSt
- وكالة الكتابة: OSt
100 ## - مدخل -- أسم شخص
- إسم شخص: Vogl, Wayne.
670 ## - بيانات المصدر موجوده
- الاستشهاد بالمصدر: Work cat.: (OSt)0: Drake, Richard L. (Richard Lee), 1950-, Gray's anatomy for students /, c2010.
